Public policy : (Record no. 36151)
[ view plain ]
| 000 -LEADER | |
|---|---|
| fixed length control field | 01694nam a22002897a 4500 |
| 005 - DATE AND TIME OF LATEST TRANSACTION | |
| control field | 20100518103734.0 |
| 010 ## - LCCN (DPL NO) | |
| LC control number | ENG-96104 B-441272-275 |
| 020 ## - INTERNATIONAL STANDARD BOOK NUMBER | |
| International Standard Book Number | 9788120339804 |
| Terms of availability | 350.00 |
| 035 ## - SYSTEM CONTROL NUMBER | |
| System control number | EN-79637 |
| 035 ## - SYSTEM CONTROL NUMBER | |
| System control number | B-441272-275 |
| 037 ## - SOURCE OF ACQUISITION | |
| Source of stock number/acquisition | DBAD/PUB |
| 037 ## - SOURCE OF ACQUISITION | |
| Source of stock number/acquisition | Allied Publishers |
| 082 ## - DEWEY DECIMAL CLASSIFICATION NUMBER | |
| Classification number | 320.6 |
| 100 ## - MAIN ENTRY--PERSONAL NAME | |
| Personal name | Sapru,R.K. |
| 245 ## - TITLE STATEMENT | |
| Title | Public policy : |
| Statement of responsibility, etc | by R.K.Sapru |
| Remainder of title | art and craft of policy analysis / |
| 260 ## - PUBLICATION, DISTRIBUTION, ETC. (IMPRINT) | |
| Place of publication, distribution, etc | New Delhi |
| Name of publisher, distributor, etc | PHI Leaening |
| Date of publication, distribution, etc | 2010 |
| 270 ## - ADDRESS | |
| Address | M-97, Connaught Circus, |
| City | New Delhi |
| Postal code | 110012 |
| 300 ## - PHYSICAL DESCRIPTION | |
| Extent | xviii,344p. |
| Dimensions | 23cm (pbk) |
| 500 ## - GENERAL NOTE | |
| General note | Includes index |
| 942 ## - ADDED ENTRY ELEMENTS (KOHA) | |
| Source of classification or shelving scheme | Dewey Decimal Classification |
| Item type | English Books |
| Call number suffix | SAP |
| Classification part | 320.6 |
| Withdrawn status | Lost status | Not for loan | Collection code | Home library | Current library | Date acquired | Source of acquisition | Cost, normal purchase price | Full call number | Barcode | Copy number | Cost, replacement price | Koha item type |
|---|---|---|---|---|---|---|---|---|---|---|---|---|---|
| Non-fiction | Central Library | Central Library | 29/07/2011 | Allied Publishers/CR/0000056/20.4.11/85/24.3.11/10.6.11 | 350.00 | 320.6 SAP | B-441272 | 1 | 350.00 | English Books | |||
| Not For Loan | Non-fiction | D.B.Act.Division | D.B.Act.Division | 05/04/2010 | DPL | 350.00 | 320.6 SAP | EN-79637 | 1 | 350.00 | English Books | ||
| Written-off vide DLB M. No. 383 dt 16.05.19 | Non-fiction | Patel Nagar | Patel Nagar | 29/07/2011 | Allied Publishers/CR/0000056/20.4.11/85/24.3.11/10.6.11 | 350.00 | 320.6 SAP | B-441273 | 1 | 350.00 | English Books | ||
| Non-fiction | Sarojini Nagar | Sarojini Nagar | 29/07/2011 | Allied Publishers/CR/0000056/20.4.11/85/24.3.11/10.6.11 | 350.00 | 320.6 SAP | B-441274 | 1 | 350.00 | English Books | |||
| Non-fiction | Shahdara Branch | Shahdara Branch | 29/07/2011 | Allied Publishers/CR/0000056/20.4.11/85/24.3.11/10.6.11 | 350.00 | 320.6 SAP | B-441275 | 1 | 350.00 | English Books |
